| 000 | 00945 a2200217 4500 | ||
|---|---|---|---|
| 001 | 41406 | ||
| 005 | 20260407155708.0 | ||
| 008 | 260407a1975 arg spa d | ||
| 003 | AR-UNSa-BCEJYS | ||
| 040 |
_aAR-UNSa-BCEJYS _bspa _cAR-UNSa-BCEJYS |
||
| 080 |
_a347.725 _xSociedades públicas. Sociedades anónimas (Sociedades por acciones) |
||
| 245 | 1 | 0 |
_aManual de sociedades anónimas _pconstitución y funcionamiento |
| 250 | _a2a. ed. | ||
| 264 | 1 |
_aBuenos Aires : _bCangallo _c1975 |
|
| 300 |
_a796 p. _c23 cm. |
||
| 505 | _a1. Constitución. Requisitos formales y procesales - 2. Capital Social - 3. Acciones, nominatividad - 4. La asamblea de accionistas - 5. La administración de la sociedad - 6. La fiscalización interna - 7. Extinción y reorganización de la sociedad - 8. Normas aplicables y modelos prácticos | ||
| 041 | _aspa | ||
| 942 | _cBK | ||
| 590 | _aniveau_biblio:m niveau_hierar:0 | ||
| 100 | 1 | _aMascheroni, Fernando H. | |
| 999 |
_c3502 _d3502 |
||